Регионална библиотека "Любен Каравелов" - Русе

Болести и неприятели по лозата (Запис номер 57467)

MARC детайли
000 -Лидер
Контролно поле с фиксирана дължина 01308nam a2200349 c 4500
003 - Код на организацията, давaща контролен номер
Контролно поле BLK
005 - Дата и час на последна редакция
Контролно поле 20180420222703.0
008 - Елементи от данни с фиксирана дължина
fixed length control field 180408b bul|||||r ||||||| ||bul||
010 ## - Наследен системен номер
LC control number KNG00061470000
040 ## - Източник на каталожния запис
Идентификатор на билиотеката - собственик на записа BLK
041 ## - Код за език
Код за езика на текст/звукозапис или на отделно заглавие Български
Код за езика КДБФ Български
080 ## - УДК
Текстов определител УДК Болести и неприятели по лозите и борба с тях
УДК код - определител по УДК 634.8:632
УДК определител
УДК - код + определител 634.8:632
100 1# - Редна дума - Автор
Автор Райков, Емил Б.
Авторска отговорност първи автор
R(LIN) 287635
139 ## - Редно поле
Редна дума Райков, Емил Б. и др.
Авторски знак Раи - Р 27
245 10 - Сведения за заглавието
Заглавие Болести и неприятели по лозата
Редно поле (дума) Емил Б. Райков; съавт. Петър Д. Начев.
250 ## - Област на изданието
Сведения за изданието 3. прераб. и доп. изд.
257 ## - Страна на издаване
Страна на създаване/издаване България
260 ## - Област на издателските данни
-- София
Име на издателя, разпространителя и проч. Земиздат
Година на издаване 1971
300 ## - Физическа характеристика
Страници 200 с.
Илюстрации и др. с ил., 8 л. : ил.
Размери/Мащаб 20 см
380 ## - Жанр
Жанр Селско стопанство
500 ## - Общи забележки
Забележка Библиогр. с. 196-197.
504 ## - Забележка за наличие на библиография и др
Забележка за наличие на библиография и под. 196-197
650 #4 - Допълнително описание по предмет – тема
Основно описание – тема или топоним Лоза - болести и вредители - методи за борба
9 (RLIN) 247980
653 ## - Ключова дума – ненормативна
Ключова дума лози
653 ## - Ключова дума – ненормативна
Ключова дума болести по растенията
700 1# - Други автори (авторска отговорност)
Лично име Начев, Петър Д.
Автороска отговорност (Описва отношението между автора и произведението) съавт.
9 (RLIN) 287636
852 ## - Местоположение
Форматна сигнатура Цб 57999
856 4# - Електронен адрес и достъп
Електронен формат pdf - файл
Път до файла /url/
856 4# - Електронен адрес и достъп
Електронен формат pdf - файл
Път до файла /url/
942 ## - АРТИКУЛИ
Вид на библиотечния материал Книги
Скрит в OPAC Не
944 ## - СЪЗДАВАНЕ И РЕДАКЦИЯ на ЗАПИСА
Създаване/Редакция Създаване
Дата на регистрацията/редакция 13.06.2004
Служител, извършил регистрацията/редакцията Людмила_Стоянова
944 ## - СЪЗДАВАНЕ И РЕДАКЦИЯ на ЗАПИСА
Създаване/Редакция Редакция
Дата на регистрацията/редакция 30.03.2018
Служител, извършил регистрацията/редакцията Кети_Илиева
999 ## - СИСТЕМНИ КОНТРОЛНИ НОМЕРА
Koha biblionumber 57467
Koha biblioitemnumber 57467
Наличности
Код за отписване Код за изгубен артикул Източник на класификационната схема Код за повреда Коз за рестрикции Код за отдаване Артикулен № Име на библиотеката - собственик Име на библиотеката, в която се намира в момента Статус (Текущо местоположение) Дата на вписване в системата Местоположение - отдел Цена в лева Инвентарен номер Систематично азбучна сигнатура Баркод Номер на екземпляра Цена в евро Служебна бележка Служебен тип на артикула Бележка за публиката
  Не е изгубен Universal Decimal Classification Не е повреден без рестрикции ползва се в читалня 93205 Регионална библиотека "Любен Каравелов" Русе Регионална библиотека "Любен Каравелов" Русе Читалня 1993-01-01 Читалня 0.94 95704 Ч 634.8/Р 27 120000095704 1 0.48 Дост: Pk Вид: Ф N: стар фонд Дата: 01.01.1977 Дата инв: 20.03.2017 Бележки инв: Ч2017 Книги  
  Не е изгубен Universal Decimal Classification Не е повреден само за читалня ползва се в читалня 93206 Регионална библиотека "Любен Каравелов" Русе Регионална библиотека "Любен Каравелов" Русе Хранилище 2001-01-01 Хранилище 0.94 93564 Цб 57999 120000093564 2 0.48 Дост: Dp Вид: Д N: стар фонд Дата: 01.01.2001 Книги  
Изтеглен Не е изгубен   Не е повреден без рестрикции заемане за дома 93207 Регионална библиотека "Любен Каравелов" Русе Регионална библиотека "Любен Каравелов" Русе   2001-01-01 Заемна - подръчен фонд 0.94 95701 634.8/Р 27 95701 3 0.48 Дост: Pk Вид: Ф N: стар фонд Дата: 01.01.2001 Книги Отч.N: 22/2018 , Дата: 26.03.2018
Изтеглен Не е изгубен   Не е повреден без рестрикции заемане за дома 93208 Регионална библиотека "Любен Каравелов" Русе Регионална библиотека "Любен Каравелов" Русе   2001-01-01 Заемна - подръчен фонд 0.94 95703 634.8/Р 27 95703 4 0.48 Дост: Pk Вид: Ф N: стар фонд Дата: 01.01.2001 Книги Отч.N: 22/2018 , Дата: 26.03.2018
Изтеглен Не е изгубен   Не е повреден без рестрикции заемане за дома 93209 Регионална библиотека "Любен Каравелов" Русе Регионална библиотека "Любен Каравелов" Русе   2001-01-01 Заемна - подръчен фонд 0.94 95702 634.8/Р 27 95702 5 0.48 Дост: Pk Вид: Ф N: стар фонд Дата: 01.01.2001 Книги Отч.N: 22/2018 , Дата: 26.03.2018
Vip Innovations Ltd, Rousse, Bulgaria 2025